Автоматизация процесса испытания кабелей на электрическую прочность изоляции; Приборы и системы. Управление, контроль, диагностика; № 9

Бібліографічні деталі
Parent link:Приборы и системы. Управление, контроль, диагностика: научно-технический и производственный журнал.— , 2000-
№ 9.— 2004.— С. 14-17
Автор: Кижаев С. А.
Мова:Російська
Опубліковано: 2004
Серія:Автоматизорованные системы управления
Предмети:
Формат: Частина з книги
KOHA link:https://koha.lib.tpu.ru/cgi-bin/koha/opac-detail.pl?biblionumber=393878

MARC

LEADER 00000naa2a2200000 4500
001 393878
005 20231101064435.0
035 |a (RuTPU)RU\TPU\prd\30230 
090 |a 393878 
100 |a 20041122a2004 k y0rusy50 ca 
101 0 |a rus 
102 |a RU 
200 1 |a Автоматизация процесса испытания кабелей на электрическую прочность изоляции  |f С. А. Кижаев 
225 1 |a Автоматизорованные системы управления 
320 |a Библиогр.: 2 назв. 
461 1 |0 (RuTPU)RU\TPU\prd\1687  |t Приборы и системы. Управление, контроль, диагностика  |o научно-технический и производственный журнал  |d 2000- 
463 1 |0 (RuTPU)RU\TPU\prd\28768  |t № 9  |v С. 14-17  |d 2004 
610 1 |a кабели 
610 1 |a изоляция 
610 1 |a автоматизация процессов 
610 1 |a испытания кабелей 
610 1 |a электрическая прочность 
700 1 |a Кижаев  |b С. А. 
801 1 |a RU  |b 63413507  |c 20041122  |g PSBO 
801 2 |a RU  |b 63413507  |c 20121009  |g PSBO 
942 |c BK